Statistics for Çoğu Tuş Vuruşu - 15 Saniyelik Sprint

Click here to take the quiz!

General Stats

  • This quiz has been taken 15 097 times
  • The average score is 47 of 160

Answer Stats

#% Correct
1
99%
2
94%
3
92%
4
89%
5
88%
6
85%
7
83%
8
81%
9
79%
10
78%
11
77%
12
77%
13
75%
14
74%
15
73%
16
71%
17
70%
18
69%
19
68%
20
66%
21
65%
22
64%
23
63%
24
62%
25
60%
26
59%
27
58%
28
57%
29
56%
30
55%
31
54%
32
53%
33
53%
34
52%
35
51%
36
50%
37
49%
38
48%
39
47%
40
46%
41
45%
42
45%
43
44%
44
43%
45
42%
46
42%
47
41%
48
41%
49
40%
50
39%
51
38%
52
38%
53
37%
54
37%
55
36%
56
35%
57
35%
58
34%
59
34%
60
33%
61
32%
62
32%
63
31%
64
30%
65
30%
66
29%
67
29%
68
28%
69
28%
70
27%
71
27%
72
26%
73
25%
74
25%
75
24%
76
24%
77
23%
78
23%
79
22%
80
22%
81
21%
82
21%
83
20%
84
20%
85
19%
86
19%
87
18%
88
18%
89
17%
90
17%
91
16%
92
16%
93
16%
94
16%
95
15%
96
15%
97
14%
98
14%
100
13%
101
13%
102
13%
99
13%
103
12%
104
12%
105
11%
106
11%
107
11%
108
10%
109
10%
110
10%
111
9%
112
9%
113
9%
114
9%
115
8%
116
8%
117
8%
118
8%
119
7%
120
7%
121
7%
122
7%
123
6%
124
6%
125
6%
126
6%
127
6%
128
5%
129
5%
130
5%
131
4%
132
4%
133
4%
134
4%
135
4%
136
4%
137
4%
138
3%
139
3%
140
3%
141
3%
142
3%
143
3%
144
3%
145
3%
146
2%
147
2%
148
2%
149
2%
150
2%
151
2%
152
2%
153
2%
154
1%
155
1%
156
1%
157
1%
158
1%
159
1%
160
1%

Score Distribution

Percentile by Number Answered

Percent of People with Each Score

Your Score History

You have not taken this quiz